000 00900nam a2200253Ia 4500
003 OSt
005 20221005113115.0
006 a|||||r|||| 00| 0
007 ta
008 221004b |||||||| |||| 00| 0 pan d
020 _a8187654118X (hbk)
_c150
024 _a94579
037 _b215, 31/12/2008, H.K. Prakashan
_cTextual
040 _aCRL
_cCRL
_bpan
041 _2pan
_apan
082 _aO153:g, P7
100 _aਨੂਰ, ਸੁਰਿੰਦਰ ਸਿੰਘ, ਥਦ।
245 0 _aਨਵੀ੍ਵ ਪੰਜਾਬੀ ਆਲੋਚਨਾ
260 _aਦਿੱਲੀ
_bਮਨਪ੍ਰੀਤ ਪ੍ਰਕਾਨ ਭਾਰਤ
_c2002
300 _a127ਪੰ
_ccm.
650 _aਪੰਜਾਬੀ ਸਾਹਿਤ
942 _hO153:g, P7
_cTEXL
_2cc
999 _c1027073
_d1027073